| 000 | 00641nam a22001931a 4500 | ||
|---|---|---|---|
| 003 | NEGST | ||
| 005 | 20110718132349.0 | ||
| 008 | 030712s1993 001 0 eng d | ||
| 020 | _a0 521 56452 | ||
| 100 | 1 | _aVerkuyl, Henk J. | |
| 245 | 1 | 2 |
_aA theory of aspectuality : _bthe interaction between temporal and atemporal structure / _cHenk J. Verkuyl. |
| 260 |
_aCambridge : _bCambridge University Press, _c1993. |
||
| 300 | _axvii, 393p. | ||
| 440 | 0 |
_aCambridge studies in linguistics ; _vno.64 |
|
| 500 | _aIncludes bibliographical references and index. | ||
| 590 | _aAccession number: 25364 | ||
| 650 | 0 | _aLinguistics. | |
| 999 |
_c36975 _d36975 |
||